[Event "Helsingor Xtracon op"]
[Site "Helsingor"]
[Date "2018.07.25"]
[Round "6"]
[White "Skovgaard, Ib"]
[Black "Schnell, Andrea"]
[Result "1-0"]
[WhiteElo "1934"]
[BlackElo "1270"]
[PlyCount "45"]
[EventDate "2018.07.21"]
[EventType "swiss"]
[EventRounds "10"]
[EventCountry "DEN"]
[SourceTitle "CBM 185 Extra"]
[Source "ChessBase"]
[SourceDate "2018.07.29"]
[SourceVersion "1"]
[SourceVersionDate "2018.07.29"]
[SourceQuality "1"]

1. e4 c6 2. d4 d5 3. Nc3 dxe4 4. Nxe4 Nd7 5. Qe2 Ndf6 6. Nf3 Nxe4 7. Qxe4 Nf6 8. Qf4 e6 9. Ne5 Qc7 10. a3 Bd6 11. Bd2 Bxe5 12. dxe5 Nd5 13. Qg3 f6 14. c4 Nb6 15. 0-0-0 f5 16. Be2 g6 17. h4 Nd7 18. h5 Qxe5 19. Qxe5 Nxe5 20. Bc3 Nf7 21. hxg6 hxg6 22. Bxh8 Nxh8 23. Rxh8+ 1-0

[Event "Helsingor Xtracon op"]
[Site "Helsingor"]
[Date "2018.07.21"]
[Round "1"]
[White "Schnell, Andrea"]
[Black "Jensen, Morten Frank"]
[Result "0-1"]
[WhiteElo "1270"]
[BlackElo "2007"]
[PlyCount "96"]
[EventDate "2018.07.21"]
[EventType "swiss"]
[EventRounds "10"]
[EventCountry "DEN"]
[SourceTitle "CBM 185 Extra"]
[Source "ChessBase"]
[SourceDate "2018.07.29"]
[SourceVersion "1"]
[SourceVersionDate "2018.07.29"]
[SourceQuality "1"]

1. d4 g6 2. Bf4 Bg7 3. e3 d6 4. c3 Nd7 5. Nf3 e5 6. dxe5 dxe5 7. Bg3 Qe7 8. Bc4 Nb6 9. Bb3 Nh6 10. h3 Bd7 11. 0-0 0-0-0 12. Qc2 Nf5 13. Bh2 f6 14. Nbd2 h5 15. a4 Bc6 16. e4 Nd6 17. a5 Nd7 18. Nh4 Qe8 19. Rfe1 Bh6 20. Bg3 Bxd2 21. Qxd2 Nc5 22. Bd5 Bxd5 23. exd5 Nb3 24. Qe3 Nxa1 25. Rxa1 Kb8 26. f3 g5 27. Bf2 gxh4 28. Qxa7+ Kc8 29. Bxh4 Qg6 30. Qf2 Rhg8 31. a6 bxa6 32. Rxa6 Kd7 33. b4 Ra8 34. Rxa8 Rxa8 35. Qf1 Ra2 36. Bf2 Qc2 37. c4 Rb2 38. c5 Rb1 39. cxd6 Rxf1+ 40. Kxf1 Qd1+ 41. Be1 Kxd6 42. Kf2 h4 43. Kf1 Kxd5 44. Kf2 Kd4 45. b5 Kd3 46. Bb4 f5 47. Ba5 f4 48. Bxc7 Qc2+ 0-1